Testability of electronic circuits / (Record no. 14210)

MARC details
000 -LEADER
fixed length control field 00791nam a22002297a 4500
003 - CONTROL NUMBER IDENTIFIER
control field OSt
005 - DATE AND TIME OF LATEST TRANSACTION
control field 20251025051633.0
008 - FIXED-LENGTH DATA ELEMENTS--GENERAL INFORMATION
fixed length control field 251023t1992 |||||||| |||| 00| | eng d
020 ## - INTERNATIONAL STANDARD BOOK NUMBER
International Standard Book Number 971-611-034-0
040 ## - CATALOGING SOURCE
Transcribing agency JMCFI - Learning Resource Center
082 ## - DEWEY DECIMAL CLASSIFICATION NUMBER
Classification number F.P./IT.Ed. 621.381'5 W547 1992
100 ## - MAIN ENTRY--PERSONAL NAME
Personal name Weyerer, Manfred
9 (RLIN) 43583
245 ## - TITLE STATEMENT
Title Testability of electronic circuits /
Statement of responsibility, etc. Manfred Weyerer and Gerald Goldemund.
260 ## - PUBLICATION, DISTRIBUTION, ETC.
Place of publication, distribution, etc. USA :
Name of publisher, distributor, etc. Carl Hanser Verlag,
Date of publication, distribution, etc. 1992.
300 ## - PHYSICAL DESCRIPTION
Extent xv, 232 pages ;
Dimensions 22 cm
504 ## - BIBLIOGRAPHY, ETC. NOTE
Bibliography, etc. note Includes bibliographical references and indexes.
650 ## - SUBJECT ADDED ENTRY--TOPICAL TERM
Topical term or geographic name entry element Electronic circuits
General subdivision Testing.
9 (RLIN) 43584
650 ## - SUBJECT ADDED ENTRY--TOPICAL TERM
Topical term or geographic name entry element Digital electronics
General subdivision Testing.
9 (RLIN) 43585
650 ## - SUBJECT ADDED ENTRY--TOPICAL TERM
Topical term or geographic name entry element Electronic circuit design.
9 (RLIN) 43586
700 ## - ADDED ENTRY--PERSONAL NAME
Personal name Goldemund, Gerald
9 (RLIN) 43587
942 ## - ADDED ENTRY ELEMENTS (KOHA)
Source of classification or shelving scheme Dewey Decimal Classification
Koha item type Books
Suppress in OPAC No
Holdings
Withdrawn status Lost status Source of classification or shelving scheme Damaged status Not for loan Home library Current library Shelving location Date acquired Total Checkouts Full call number Barcode Date last seen Copy number Price effective from Koha item type
    Dewey Decimal Classification     LRC - College (Main) LRC - College (Main) Foreign Publications - Information Technology Education 01/12/2004   F.P./IT.Ed. 621.381'5 W547 1992 00009594 10/25/2025 1 10/25/2025 Books